000 00553nam a2200181Ia 4500
005 20250923145353.0
008 008 250917s9999 xx 000 0 eng d
037 _aTextual
040 _aDSWL
_beng
_cDSWL
041 _aeng
_2eng
084 _aY31:7:7.231446, N57;1
_qDSWL
100 _aBhattacharyya, S.N.
_9834581
245 0 _aVillage on the march
_c by S.N. Bhattacharyya
260 _aDelhi
_bMetropolitan Book Co.
_c1959
300 _ax,66 p.
942 _cTEXL
_hY31:7:7.231446, N57;1
999 _c1450550
_d1450550